| 000 | 00973nji a22002417a 4500 | ||
|---|---|---|---|
| 005 | 20100908115813.0 | ||
| 006 | a|||||r|||||00| 0 | ||
| 007 | sd ammalaaahaa | ||
| 008 | 100830t xxu||||| |||| 00| 0 eng d | ||
| 028 |
_aDB.4716 _bColumbia |
||
| 035 | _aGR-01365 | ||
| 040 |
_aSED _cSED |
||
| 100 |
_917455 _aMarvin-Welch |
||
| 245 |
_aThe young ones / _cby Marvin-Welch; sung by Cliff Richard _h[sound recording] : |
||
| 260 |
_aDum Dum, India _bColumbia |
||
| 300 |
_a1 sound disc [Gramophone Recording]: _banalog, 33 1/3 rpm _c9.5 in. (MP) _fGramophone Record |
||
| 500 | _aBrief Record | ||
| 505 | _aSide-1 (Got a funny feeling) (Cliff Richard and The shadows) Side-2 (When the girl in your arms is the girl in your heart) (Cliff Richard) | ||
| 650 |
_aClassical music _zIndia _91186 _xExcerpts |
||
| 700 |
_aRichard, Cliff _918885 |
||
| 942 |
_2ddc _cGR |
||
| 999 |
_c44427 _d44427 |
||